Normal view
MARC view
- War on Terrorism, 2001-2009
Entry Topical Term
001 - CONTROL NUMBER
- control field: 12938
003 - CONTROL NUMBER IDENTIFIER
- control field: NUST
005 - DATE AND TIME OF LATEST TRANSACTION
- control field: 20190103061444.0
008 - FIXED-LENGTH DATA ELEMENTS
- fixed length control field: 190103|| aca||aabn | a|a d
040 ## - CATALOGING SOURCE
- Original cataloging agency: NUST
- Transcribing agency: NUST
150 ## - HEADING--TOPICAL TERM
- Topical term or geographic name entry element: War on Terrorism, 2001-2009
- General subdivision: Moral and ethical aspects.
670 ## - SOURCE DATA FOUND
- Source citation: Work cat.: (NUST)0: Roy, Arundhati. 12936, The algebra of infinite justice /, 2002.
